| 000 | 00788nam0a22002651 4500 | ||
|---|---|---|---|
| 001 | rc\2992057 | ||
| 005 | 20250810054637.0 | ||
| 035 | _a(NLR Aleph) 007136087 | ||
| 090 |
_a7008081 _c7008080 |
||
| 100 | _a20110916d1941 u y0rusy50 ca | ||
| 101 | 0 | _arus | |
| 102 | _aRU | ||
| 105 | _ay z ||||| | ||
| 200 | 1 | _aШун у катун | |
| 210 |
_a[Москва] _a[Ленинград] _cБ. и. _d[1941] |
||
| 215 | _aС. 33-78 | ||
| 300 | _aВ кн.: Пьесы для кукольного театра. М.-Л., 1941, 80 с. | ||
| 700 | 1 |
_aБейлерян _bА. |
|
| 801 | 0 |
_aRU _bNLR _gpsbo |
|
| 801 | 1 |
_aRU _bELAR _2rusmarc |
|
| 852 |
_aNLR _jДл02 Г-1/57 |
||
| 942 | _cBOOK | ||
| 945 | _aРоссийская национальная библиотека | ||
| 980 | _aNB | ||
| 980 | _aBV | ||